<?xml version="1.0" encoding="UTF-8"?>
<record
    xmlns:xsi="http://www.w3.org/2001/XMLSchema-instance"
    xsi:schemaLocation="http://www.loc.gov/MARC21/slim http://www.loc.gov/standards/marcxml/schema/MARC21slim.xsd"
    xmlns="http://www.loc.gov/MARC21/slim">

  <leader>02110nam a2200313 a 4500</leader>
  <controlfield tag="003">OSt</controlfield>
  <controlfield tag="005">20250624095821.0</controlfield>
  <controlfield tag="007">ta</controlfield>
  <controlfield tag="008">211004b2014    dr ||||| |||| 00| 0 spa d</controlfield>
  <datafield tag="020" ind1=" " ind2=" ">
    <subfield code="a">9789945410778</subfield>
  </datafield>
  <datafield tag="040" ind1=" " ind2=" ">
    <subfield code="a">DO-SdBNP</subfield>
    <subfield code="b">spa</subfield>
    <subfield code="c">BNPHU</subfield>
  </datafield>
  <datafield tag="082" ind1=" " ind2=" ">
    <subfield code="a">616.89</subfield>
    <subfield code="b">Z18m 2014</subfield>
  </datafield>
  <datafield tag="100" ind1="1" ind2=" ">
    <subfield code="a">Zaglul, Antonio,</subfield>
    <subfield code="d">1920-1996</subfield>
    <subfield code="9">69657</subfield>
  </datafield>
  <datafield tag="245" ind1="1" ind2="0">
    <subfield code="a">Mis 500 locos /</subfield>
    <subfield code="c">Antonio Zaglul.</subfield>
  </datafield>
  <datafield tag="246" ind1="1" ind2="0">
    <subfield code="a">Mis quinientos locos</subfield>
  </datafield>
  <datafield tag="260" ind1=" " ind2=" ">
    <subfield code="a">Santo Domingo :</subfield>
    <subfield code="b">Letragr&#xE1;fica,</subfield>
    <subfield code="c">2014.</subfield>
  </datafield>
  <datafield tag="300" ind1=" " ind2=" ">
    <subfield code="a">165 p. :</subfield>
    <subfield code="b">il. fot. ;</subfield>
    <subfield code="c">22 cm.</subfield>
  </datafield>
  <datafield tag="490" ind1="1" ind2=" ">
    <subfield code="a">Libros para todos </subfield>
  </datafield>
  <datafield tag="500" ind1=" " ind2=" ">
    <subfield code="a">Incluye datos biogr&#xE1;ficos del autor en la  p&#xE1;gina 165</subfield>
  </datafield>
  <datafield tag="505" ind1="0" ind2=" ">
    <subfield code="a">Motivaci&#xF3;n --
La Ilegada --
Recordando al Padre Billini --
Trementina, cler&#xE9;n y bong&#xF3; --
Fiesta dominical --
Historia de los manicomios --
Los enfermeros --
Un extra&#xF1;o cargamento --
Los mellizos se encuentran --
El padre Wheaton --
El d&#xED;a que los locos callaron --
La Psiquiatr&#xED;a evoluciona --
La mente y sus enfermedades --
El mundo de los psic&#xF3;patas --
Las neurosis --
Las psicosis --
El mundo misterioso de los esquizofr&#xE9;nicos --
Autobiograf&#xED;a de una esquizofr&#xE9;nica --
Plinio --
El corredor El liniero que 10 sab&#xED;a todo --
El maestro --
El loco que nunca refa --
El venezolano --
La locura man&#xED;aco-depresiva --
La tristeza invade el manicomio --
Una apuesta macabra --
Los man&#xED;acos --
Epilepsia --
"La gota", palabra maldita --
M&#xE1;s ladr&#xF3;n que loco --
El amigo Bernardo --
El veterano --
Los seniles --
"Los fantasmas de mi cerebro" de Jos&#xE9; Mar&#xED;a Gironella --
Los tratamientos --
Pablito Mirabal --
La paraplej&#xED;a hist&#xE9;rica --
Los esclavos simuladores --
Los disimuladores --
Bomb&#xED;n, el herbolario --
Antonio, el necrofflico --
La muerte Ilega al manicomio --
Nos vamos --
Final</subfield>
  </datafield>
  <datafield tag="590" ind1=" " ind2=" ">
    <subfield code="a">Inventariado, 2021 / LP</subfield>
  </datafield>
  <datafield tag="590" ind1=" " ind2=" ">
    <subfield code="a">La biblioteca posee 1 ejemplar autografiado </subfield>
  </datafield>
  <datafield tag="650" ind1=" " ind2="4">
    <subfield code="a">Psiquiatr&#xED;a</subfield>
    <subfield code="x">Casos, historias cl&#xED;nicas, estad&#xED;stica</subfield>
    <subfield code="9">26961</subfield>
  </datafield>
  <datafield tag="650" ind1=" " ind2="4">
    <subfield code="a">Enfermos mentales </subfield>
    <subfield code="9">18248</subfield>
  </datafield>
  <datafield tag="650" ind1=" " ind2="4">
    <subfield code="a">Trastornos mentales</subfield>
    <subfield code="9">18252</subfield>
  </datafield>
  <datafield tag="830" ind1=" " ind2="0">
    <subfield code="a">Libros para todos </subfield>
    <subfield code="9">69658</subfield>
  </datafield>
  <datafield tag="910" ind1=" " ind2=" ">
    <subfield code="a">Validado. Control de calidad MFF</subfield>
  </datafield>
  <datafield tag="942" ind1=" " ind2=" ">
    <subfield code="2">ddc</subfield>
    <subfield code="c">LBS1</subfield>
  </datafield>
  <datafield tag="952" ind1=" " ind2=" ">
    <subfield code="0">0</subfield>
    <subfield code="1">0</subfield>
    <subfield code="2">ddc</subfield>
    <subfield code="5">3</subfield>
    <subfield code="7">0</subfield>
    <subfield code="8">PD</subfield>
    <subfield code="a">BNPHU</subfield>
    <subfield code="b">BNPHU</subfield>
    <subfield code="c">HD</subfield>
    <subfield code="d">2021-10-04</subfield>
    <subfield code="e">Dep&#xF3;sito Legal </subfield>
    <subfield code="l">0</subfield>
    <subfield code="o">BNPHU PD 616.89 Z18m 2014</subfield>
    <subfield code="p">2021-27156</subfield>
    <subfield code="r">2021-10-04</subfield>
    <subfield code="w">2021-10-04</subfield>
    <subfield code="y">LBS1</subfield>
  </datafield>
  <datafield tag="952" ind1=" " ind2=" ">
    <subfield code="0">0</subfield>
    <subfield code="1">0</subfield>
    <subfield code="2">ddc</subfield>
    <subfield code="5">3</subfield>
    <subfield code="7">0</subfield>
    <subfield code="8">PD</subfield>
    <subfield code="a">BNPHU</subfield>
    <subfield code="b">BNPHU</subfield>
    <subfield code="c">HD</subfield>
    <subfield code="d">2021-10-04</subfield>
    <subfield code="e">Dep&#xF3;sito Legal </subfield>
    <subfield code="l">0</subfield>
    <subfield code="o">BNPHU PD 616.89 Z18m 2014</subfield>
    <subfield code="p">2021-27157</subfield>
    <subfield code="r">2021-10-04</subfield>
    <subfield code="t">e.2</subfield>
    <subfield code="w">2021-10-04</subfield>
    <subfield code="y">LBS1</subfield>
  </datafield>
  <datafield tag="952" ind1=" " ind2=" ">
    <subfield code="0">0</subfield>
    <subfield code="1">0</subfield>
    <subfield code="2">ddc</subfield>
    <subfield code="5">6</subfield>
    <subfield code="7">0</subfield>
    <subfield code="8">DS</subfield>
    <subfield code="a">BNPHU</subfield>
    <subfield code="b">BNPHU</subfield>
    <subfield code="c">HD</subfield>
    <subfield code="d">2021-10-04</subfield>
    <subfield code="e">Dep&#xF3;sito Legal </subfield>
    <subfield code="l">0</subfield>
    <subfield code="o">BNPHU DS 616.89 Z18m 2014</subfield>
    <subfield code="p">2021-27158</subfield>
    <subfield code="r">2021-10-04</subfield>
    <subfield code="t">e.3</subfield>
    <subfield code="w">2021-10-04</subfield>
    <subfield code="y">LBS1</subfield>
  </datafield>
  <datafield tag="999" ind1=" " ind2=" ">
    <subfield code="c">50694</subfield>
    <subfield code="d">50694</subfield>
  </datafield>
</record>
